| 000 | 00668nam a22001937a 4500 | ||
|---|---|---|---|
| 005 | 20250926104508.0 | ||
| 010 | _aENG-146857 | ||
| 020 |
_a9789369581795 _c450.00 |
||
| 035 | _aEN-130389 | ||
| 037 | _bDBAD | ||
| 082 |
_21 _a500 |
||
| 100 |
_aSaini, Abhas _985215 |
||
| 245 |
_aSuper Maths: _bThe Revision Book/ _cAbhas Saini |
||
| 260 |
_aUttar Pradesh _bS. Chand Publishing _c2025 |
||
| 270 |
_aD-92, Sector-2, Noida _bUttar Pradesh _e201301 _k61-120-4682700 |
||
| 300 |
_a423p. _c27cm(pb) |
||
| 500 | _aor SSC, Bank, Railway, CSAT, CDS and All Other Competitive Exams | 1400+ Questions | Chapterwise/Typewise | ||
| 942 |
_2ddc _cEN _mSAI _h500 |
||
| 999 |
_c213462 _d213462 |
||